| 000 | 00808cab a2200253 4500 | ||
|---|---|---|---|
| 001 | ABS38277 | ||
| 008 | 090401t1987 xxu||||| |||| 00| 0 eng d | ||
| 035 | _a(Sirsi) u9721 | ||
| 041 | _aeng | ||
| 100 | _aChristy, L. | ||
| 245 | _aTimber - not just a tax dodge | ||
| 260 | _c1987 | ||
| 350 | _a0 | ||
| 490 |
_aProperty Director _v2(2) Autumn 1987, 18-21(3) |
||
| 520 | _aReports on the commercial viability of the timber industry, reviewing tax incentives for private investors in forestry . Describes the managing role of the Forestry Commission which was established in 1919.(See also Abstract . | ||
| 650 | _aFARMLAND | ||
| 650 | _aINVESTMENT | ||
| 650 |
_aLand use _96251 |
||
| 650 | _aTAX RELIEF | ||
| 690 | _aRURAL PRACTICE | ||
| 700 | _aHigher, M. | ||
| 942 | _n0 | ||
| 948 | _c04/03/1997 | ||
| 999 |
_c6111 _d6111 |
||